[Event "BCF-chT3 0809 (4NCL)"]
[Site "Hinckley Island"]
[Date "2008.10.18"]
[Round "1.5"]
[White "Lai, Yi Ming"]
[Black "Campbell, Mark C"]
[Result "0-1"]
[WhiteElo "1835"]
[BlackElo "1995"]
[PlyCount "126"]
[EventDate "2008.10.18"]
[EventType "team-swiss"]
[EventRounds "11"]
[EventCountry "ENG"]
[SourceTitle "EXT 2010"]
[Source "ChessBase"]
[SourceDate "2010.11.25"]
[SourceVersion "1"]
[SourceVersionDate "2010.11.25"]
[SourceQuality "1"]
[WhiteTeam "Oxford III"]
[BlackTeam "Cambridge II"]
[WhiteTeamCountry "ENG"]
[BlackTeamCountry "ENG"]

1. e4 c5 2. Nc3 Nc6 3. f4 g6 4. Nf3 Bg7 5. Bc4 e6 6. d3 Nge7 7. 0-0 0-0 8. Qe1 Nd4 9. Nxd4 Bxd4+ 10. Kh1 d5 11. Bb3 a6 12. f5 exf5 13. Nxd5 Nxd5 14. Bxd5 fxe4 15. Bxe4 Qc7 16. Bf4 Be5 17. Qg3 Bxf4 18. Qxf4 Qxf4 19. Rxf4 Rb8 20. Bd5 Be6 21. Bxe6 fxe6 22. Re4 Rf6 23. Rae1 Kf7 24. g3 Rd8 25. Kg2 Ke7 26. g4 h6 27. h4 Rd6 28. Kg3 Kd7 29. Rf4 Rxf4 30. Kxf4 Rd4+ 31. Re4 Rd5 32. Ke3 g5 33. c4 Rd4 34. hxg5 Rxe4+ 35. Kxe4 hxg5 36. Ke5 Ke7 37. b3 a5 38. a3 b6 39. a4 Kf7 40. Kd6 Kf6 41. Kc6 Ke5 42. Kxb6 Kf4 43. Kxc5 Kxg4 44. Kb5 Kf5 45. c5 g4 46. c6 g3 47. c7 g2 48. c8Q g1Q 49. Qc5+ Qxc5+ 50. Kxc5 Ke5 51. Kb5 Kd4 52. Kxa5 Kxd3 53. Kb5 e5 54. a5 e4 55. a6 e3 56. a7 e2 57. a8Q e1Q 58. Qd5+ Kc3 59. Qc4+ Kb2 60. b4 Qe5+ 61. Ka4 Qe8+ 62. b5 Qa8+ 63. Kb4 Qa3# 0-1

[Event "BCF-chT3 0708 (4NCL)"]
[Site "Sunningdale"]
[Date "2008.01.13"]
[Round "6.7"]
[White "James, Stephen B"]
[Black "Campbell, Mark C"]
[Result "1/2-1/2"]
[WhiteElo "2041"]
[BlackElo "2005"]
[PlyCount "115"]
[EventDate "2007.09.15"]
[EventType "team-tourn"]
[EventRounds "11"]
[EventCountry "ENG"]
[SourceTitle "EXT 2023"]
[Source "ChessBase"]
[SourceDate "2022.10.05"]
[SourceVersion "1"]
[SourceVersionDate "2022.10.05"]
[SourceQuality "1"]
[WhiteTeam "Mindsports"]
[BlackTeam "Cambridge II"]
[WhiteTeamCountry "ENG"]
[BlackTeamCountry "ENG"]

1. e4 c5 2. Nf3 d6 3. d4 cxd4 4. Nxd4 Nf6 5. Nc3 a6 6. Be3 Ng4 7. Bg5 h6 8. Bh4 g5 9. Bg3 Bg7 10. h3 Ne5 11. f3 Nbc6 12. Bf2 b5 13. Qd2 Bd7 14. 0-0-0 Qa5 15. a3 Rb8 16. Nb3 Qc7 17. Nd5 Qc8 18. Nd4 Nc4 19. Bxc4 bxc4 20. c3 Ne5 21. Nxe7 Kxe7 22. Nf5+ Bxf5 23. Qxd6+ Ke8 24. exf5 Qb7 25. Rd2 Nd3+ 26. Kd1 Nxf2+ 27. Rxf2 Qd7 28. Re1+ Kd8 29. Rd2 Qxd6 30. Rxd6+ Kc7 31. Rxa6 Rxb2 32. Re7+ Kb8 33. f6 Rd8+ 34. Kc1 Rb7 35. Rc6 Rxe7 36. fxe7 Re8 37. Rxc4 Rxe7 38. Kd2 Ra7 39. a4 Rc7 40. Rb4+ Ka7 41. Rb3 Rc4 42. Ra3 Ka6 43. Kd3 Rc7 44. c4 Ka5 45. Ra2 Rd7+ 46. Ke3 Be5 47. Ke4 f6 48. Kf5 Rd4 49. Kg6 Rxc4 50. Kxh6 Rxa4 51. Rxa4+ Kxa4 52. Kg6 Kb4 53. g3 Kc5 54. f4 Bxf4 55. Kxf6 Kd4 56. h4 g4 57. Kf5 Bxg3 58. Kxg4 1/2-1/2

[Event "BCF-chT3 0708 (4NCL)"]
[Site "Sunningdale"]
[Date "2007.11.11"]
[Round "4.6"]
[White "Campbell, Mark C"]
[Black "Birtwistle, Nigel"]
[Result "1/2-1/2"]
[WhiteElo "2005"]
[BlackElo "2125"]
[PlyCount "42"]
[EventDate "2007.09.15"]
[EventType "team-tourn"]
[EventRounds "11"]
[EventCountry "ENG"]
[SourceTitle "EXT 2023"]
[Source "ChessBase"]
[SourceDate "2022.10.05"]
[SourceVersion "1"]
[SourceVersionDate "2022.10.05"]
[SourceQuality "1"]
[WhiteTeam "Cambridge II"]
[BlackTeam "Pandoras Box"]
[WhiteTeamCountry "ENG"]
[BlackTeamCountry "ENG"]

1. e4 c5 2. Nf3 g6 3. c4 Nc6 4. d4 cxd4 5. Nxd4 Nf6 6. Nc3 d6 7. Be2 Nxd4 8. Qxd4 Bg7 9. Be3 0-0 10. Qd2 Be6 11. Rc1 Qa5 12. 0-0 Rfc8 13. b3 a6 14. f3 b5 15. Nd5 Qxd2 16. Bxd2 Bxd5 17. cxd5 Nd7 18. Rxc8+ Rxc8 19. Rc1 Rxc1+ 20. Bxc1 Bd4+ 21. Kf1 Nc5 1/2-1/2